| 000 | 00493nam a2200193Ia 4500 | ||
|---|---|---|---|
| 008 | 220531s9999 xx 000 0 und d | ||
| 041 | _aeng | ||
| 082 |
_a- _bDAT |
||
| 100 |
_aDate, S. G. And Others _969969 |
||
| 245 | _aInorganic Chemistry: First Term (semester Iii) | ||
| 250 | _a1ST | ||
| 260 |
_aPune _bManali _c2015 |
||
| 300 | _a156 | ||
| 542 | _d02-07-2015 | ||
| 551 |
_aScience _bNon-grant-SCI |
||
| 650 |
_aChemistry _969970 |
||
| 906 | _d2015-2016 | ||
| 999 |
_c39216 _d39216 |
||